000 00295nam a2200121Ia 4500
005 20251222154423.0
008 251222s9999||||xx |||||||||||||| ||spa||
020 _a2012-05690
082 _a344.046.85/M61F
245 0 _aNueva ley forestal y de fauna silvestre
250 _a2a.ed.
942 _cLIB
999 _c36101
_d36101